Normal view
MARC view
- الياسري، اكرم محسن، م.مشارك احمد عبالله الشمري
Entry Personal Name
001 - CONTROL NUMBER
- control field: 57979
003 - CONTROL NUMBER IDENTIFIER
- control field: JO-AjAnu
005 - DATE AND TIME OF LATEST TRANSACTION
- control field: 20230606083506.0
008 - FIXED-LENGTH DATA ELEMENTS
- fixed length control field: 230606|| aca||aabn | a|a d
040 ## - CATALOGING SOURCE
- Original cataloging agency: JO-AjAnu
- Transcribing agency: JO-AjAnu
100 ## - HEADING--PERSONAL NAME
- Personal name: الياسري، اكرم محسن، م.مشارك احمد عبالله الشمري
670 ## - SOURCE DATA FOUND
- Source citation: Work cat.: (JO-AjAnu)29581: الياسري، اكرم محسن، م.مشارك احمد عبالله الشمري, author, مفاهيم معاصرة في الادارة الاستراتيجية وتظرية المنظمة: (الرصد البيئي، الذكاء التنافسي، المقدرات الجوهرية)، ج6